000 00628cam a22001934a 4500
005 20250605164346.0
008 250528s ||||||||||||||||||||||||d
035 _a23891
040 _aGR-AtMCL
_bgre
_dGR-AtMCL
_eAACR2
245 1 _aWish You Were Here? / Christian Jarrett on the Psychology of Holidays
260 _c2011
300 _a67
520 _aDeception in Psychological Research - A Necessary Evil?, Coach Your Cortex, Taking the Medicine, Free From the Shackles.
700 1 _aSutton Jon
_99351
942 _cCR
710 2 _aThe British Psychological Society
_99823
999 _c8809
_d8809